'Z' in Disney Quiz Stats

 Plays Quiz not verified by Sporcle

Support Sporcle.
Go Orange.
Score 0/10 Timer 05:00
1 Play Today
Hint Answer % Correct
This king of all the Olympian Gods is also the father of HerculesZeus
95%
This blue colored hornbill is Mufasa’s majordomo in “The Lion King”Zazu
91.4%
A young Simba tells Timon, “I’m so hungry I could eat a whole ________Zebra
88.3%
This 2016 3D computer animated film features the characters of Judy Hopps and Nick WildeZootopia
84.4%
This song was sung by the Muses in “Hercules” and was later used as the theme song to “Hercules: The Animated Series”Zero to Hero
66.4%
He was the voice of Flynn Rider in “Tangled”Zachary Levi
39.9%
He provided the voice of Chicken LittleZach Braff
32.5%
This evil lioness is the mother of Kovu, Nuka and Vitani and the main villain in “The Lion King II: Simba’s Pride”Zira
31.1%
The vultures in “The Jungle Book” are named Buzzie, Flaps, Dizzy and __________Ziggy
21.3%
This fly is the smallest member of the “Rescue Rangers”Zipper
20.9%

You're not logged in!

Compare scores with friends on all Sporcle quizzes.
OR
Log In

From the Vault

Catch the Insects

by alvir28

We don't suggest using your hands to catch them.
Remove Ads.
Support Sporcle.
Get the best of Sporcle when you Go Orange. This ad-free experience offers more features, more stats, and more fun while also helping to support Sporcle. Thank you for becoming a member.

Show Comments

Extras

Top Quizzes Today


Score Distribution

Your Account Isn't Verified!

In order to create a playlist on Sporcle, you need to verify the email address you used during registration. Go to your Sporcle Settings to finish the process.

Report this User

Report this user for behavior that violates our Community Guidelines.

Details: